000 00675nam a2200193 i 4500
001 160943
003 ES-MaACL
005 20230906212147.0
008 041006s1878 gw |||| | eng d
040 _aCAM
_bspa
_cCAM
100 1 _aOliphant, Margaret.
_9130611
245 1 0 _aYoung Musgrave /
_cby Mrs. Oliphant.
260 _aLeipzig :
_bBernhard Tauchnitz,
_c1878.
300 _a2 v. (286 ; 279 p.) ;
_c16 cm.
490 1 _aCollection of british authors ;
_v1718 ; 1719
830 0 _aCollection of british authors ;
_v1718 ; 1719
_9180703
852 _aES-MaACL
_jG-12392
_z-- Enc. hol., conservando las cubs. originales
_z-- Enc. 2 t. en 1 v.
999 _c160943
_d160943